Actinides 2008--basic science, applications and technology : symposium held March 25-28, 2008, San Francisco, California, U.S.A. /

Bibliographic Details
Corporate Authors: Symposium on Actinides--Basic Science, Applications and Technology San Francisco, Calif., Materials Research Society. Fall Meeting
Other Authors: Shuh, David K.
Format: Conference Proceeding Book
Language:English
Published: Warrendale, Pa. : Materials Research Society, [2008]
Series:Materials Research Society symposia proceedings ; v. 1104.
Subjects:

MARC

Tag First Indicator Second Indicator Subfields
LEADER 00000cam a2200000Ia 4500
001 in00002438607
005 20151109181139.0
008 080902s2008 paua b 100 0 eng d
020 |a 9781605110745 
020 |a 1605110744 
035 |a (OCoLC)ocn244788398 
035 |a (OCoLC)244788398 
040 |a NDD  |c NDD  |d BWX  |d YDXCP  |d UtOrBLW 
049 |a TXAM 
050 4 |a QD172.A3  |b A356 2008 
111 2 |a Symposium on Actinides--Basic Science, Applications and Technology  |n (4th :  |d 2008 :  |c San Francisco, Calif.) 
245 1 0 |a Actinides 2008--basic science, applications and technology :  |b symposium held March 25-28, 2008, San Francisco, California, U.S.A. /  |c editors, David K. Shuh [and others]. 
264 1 |a Warrendale, Pa. :  |b Materials Research Society,  |c [2008] 
264 4 |c ©2008 
300 |a xi, 281 pages :  |b illustrations ;  |c 24 cm. 
336 |a text  |b txt  |2 rdacontent 
337 |a unmediated  |b n  |2 rdamedia 
338 |a volume  |b nc  |2 rdacarrier 
490 1 |a Materials Research Society symposium proceedings ;  |v v. 1104 
500 |a Proceedings of the 4th MRS actinides symposium, Symposium NN "Actinides IV--Basic Science, Applications and Technology", held March 25-28, 2008 at the 2008 MRS Spring Meeting in San Francisco. 
504 |a Includes bibliographical references and indexes. 
650 0 |a Actinide elements  |v Congresses. 
700 1 |a Shuh, David K. 
710 2 |a Materials Research Society.  |b Fall Meeting  |d (2008 :  |c San Francisco, Calif.) 
830 0 |a Materials Research Society symposia proceedings ;  |v v. 1104. 
938 |a Blackwell Book Service  |b BBUS  |n R2731427  |c $90.00 
938 |a YBP Library Services  |b YANK  |n 2890185 
945 |a PromptCat  |b 550101 
946 |a stk 
947 |a A14836668710 
994 |a 92  |b TXA 
948 |a cataloged  |b h  |d 2008/11/14  |h c  |e asalazar  |f 11:24:29 am 
999 |a MARS 
999 f f |s 6049b248-9b63-399e-b451-ca15f44684a3  |i b8f47eb3-3a57-37a1-a14a-6d7b365844f6  |t 0 
952 f f |p normal  |a Texas A&M University  |b College Station  |c Sterling C. Evans Library  |d Evans: Library Stacks  |t 0  |e QD172.A3 A356 2008  |h Library of Congress classification  |i unmediated -- volume  |m A14836668710 
998 f f |a QD172.A3 A356 2008  |t 0  |l Evans: Library Stacks